000 00783nam a2200229Ia 4500
005 20241213113711.0
008 210716s2011 xx 000 0 und d
020 _a9788184871098
040 _cAIMIT LIBRARY
041 _aeng
082 _a001.0720043
_21
_bBEGS
245 _aAdvanced computing applications databases and networks /
_cEdited by Shahin Ara Begum and Prodipto Das.
250 _a1st ed.
260 _aNew Delhi :
_bNarisa Publishing House ,
_c2011.
300 _axii,314p. ;
_bHB
_c25.8 cm
650 _aAdvanced computing applications
_9190726
650 _aDatabases
_9190727
650 _aWired and wireless network
_9190728
700 _aBegum, Shahin Ara., ed.
_9190729
700 _aDas, Prodipto. ed.
_9190730
942 _2ddc
_cBK
_e1st
_k001.0720043 BEGS
999 _c192176
_d192176